Housing repair cost guide 2006 (Record no. 105140)

MARC details
000 -LEADER
fixed length control field 01392cam a2200229 4500
001 - CONTROL NUMBER
control field ##L132440
008 - FIXED-LENGTH DATA ELEMENTS--GENERAL INFORMATION
fixed length control field 041020n2006 000 0 eng u
020 ## - INTERNATIONAL STANDARD BOOK NUMBER
International Standard Book Number 1904829295
035 ## - SYSTEM CONTROL NUMBER
System control number (Sirsi) u132440
041 0# - LANGUAGE CODE
Language code of text/sound track or separate title eng
050 04 - LIBRARY OF CONGRESS CALL NUMBER
Classification number 692.5 $2 18
110 2# - MAIN ENTRY--CORPORATE NAME
Corporate name or jurisdiction name as entry element Building Cost Information Service
9 (RLIN) 1096
245 00 - TITLE STATEMENT
Title Housing repair cost guide 2006
260 ## - PUBLICATION, DISTRIBUTION, ETC.
Place of publication, distribution, etc. London
Name of publisher, distributor, etc. Building Cost Information Service
Date of publication, distribution, etc. 2006
300 ## - PHYSICAL DESCRIPTION
Extent 491p.
Dimensions 30cm
350 ## - PRICE (NR) (BK AM CF MU VM SE) [OBSOLETE]
Price 125
505 2# - FORMATTED CONTENTS NOTE
Formatted contents note Introduction -- C5 - the exterior -- C6 - the interior -- D1 - the services -- D2 - drainage -- D3 - the site -- C1 - movement -- C2 - timber defects -- C3 - dampness -- C4 - insulation -- Supplementary pricing information -- Addenda
520 ## - SUMMARY, ETC.
Summary, etc. Aims to provide surveyors with an independent source of information on how much typical defects identified in a residential survey will cost to remedy. Designed for ease of use when carrying out surveys. No measurements are required as the costs are divided by type of house such as terraced or detached, and by general size such as small, medium or large. No calculations are needed as the costs are for complete items as one-off jobs including VAT. The works have been categorised in accordance with the RICS Homebuyer Survey and Valuation.
690 ## - LOCAL SUBJECT ADDED ENTRY--TOPICAL TERM (OCLC, RLIN)
Topical term or geographic name as entry element BUILT ENVIRONMENT-BUILDING MAINTENANCE AND REFURBISHMENT-MAINTENANCE COSTS
942 ## - ADDED ENTRY ELEMENTS (KOHA)
Suppress in OPAC 0
Holdings
Withdrawn status Lost status Source of classification or shelving scheme Damaged status Not for loan Home library Current library Shelving location Date acquired Total Checkouts Full call number Barcode Date last seen Copy number Price effective from Koha item type
    Dewey Decimal Classification     London London RICS Boxes 30/03/2006   F692.5 BUI 30072809 06/08/2019 1 06/08/2019 Archive
    Dewey Decimal Classification     London London Basement 30/03/2006   F692.5 BUI 30072810 06/08/2019 2 06/08/2019 Reference material